00896nam a2200241Ia 4500003000400000005001700004008004100021020001500062040001800077041000800095082002000103100002700123245006400150250001200214260005100226300002900277650004100306650003900347650005100386942003000437999001900467952016800486OSt20260102100849.0210716s2006 xx 000 0 und d a8126506512 cAIMIT LIBRARY aeng a006.3721bSTER aStephens, Rod.9249842 aVisual basic 2005 programmers reference /cBy Rod Stephens. a1st ed. aNew Delhi :bWiley Dreamtech Pvt Ltd ,c2006. axxxi,1022p. ;bPBc24 cm aProgram and module structure9249843 aProgram control statements9249844 aIntrodcution to windows forms controls9249845 2ddccBKe1stk006.37 STER c188300d188300 00102ddc40708MCAaAIMITbAIMITeKnowledge Worldg599.00iBill no:137; Bill dt:2007-10-09l0o006.37 STERpMCA07808r2026-05-23 00:00:00v479.20w2021-07-16yBK